000 01028nam a2200265Ia 4500
003 OSt
005 20220923211423.0
006 a|||||r|||| 00| 0
007 ta
008 220922b |||||||| |||| 00| 0 san d
020 _a9788193630273 (hbk)
_c1850
024 _a349,323
037 _b242, 16/01/2019, Eastern Book Linkers
_cTextual
040 _aARTS
_cARTS
_bsan
041 _2san
_asan
082 _aQ1, 152Q8
100 _aशुक्ल, दुर्गाचरण, ले.
245 0 _aब्रह्मवादिनी - द्रष्ट मन्त्र भाष्य एवं अवदान
246 _aBrahmavādinī - draṣhṭa hintra bhāṣhya evan avadāna
260 _aदिल्ली
_b ईस्टर्न बुक लिंकर्स
_c2018
300 _a411पृ0
_ccm.
650 _aधर्म
942 _hQ1, 152Q8
_cTEXL
_2CC
999 _c299298
_d299298